|
|
|
|
| LEADER |
00000nam0a2200000 4500 |
| 001 |
293885 |
| 005 |
20231102000633.0 |
| 035 |
|
|
|a (RuTPU)RU\TPU\book\318934
|
| 090 |
|
|
|a 293885
|
| 100 |
|
|
|a 20150507d1981 km y0engy50 ba
|
| 101 |
0 |
|
|a eng
|
| 102 |
|
|
|a DE
|
| 105 |
|
|
|a a z 001zy
|
| 200 |
1 |
|
|a Ferrites. Transition. Elements. luminescence
|f I. K. Fidelis [und andere]
|
| 210 |
|
|
|a Berlin
|c Springer-Verlag
|d 1981
|
| 215 |
|
|
|a 127 s.
|c il.
|
| 225 |
1 |
|
|a Vol. 47 : Structure and bonding
|
| 320 |
|
|
|a References: p. 103-119
|
| 320 |
|
|
|a Autor index: p. 121-126
|
| 606 |
1 |
|
|a Люминесценция
|x (оптика)
|2 stltpush
|3 (RuTPU)RU\TPU\subj\71064
|9 85127
|
| 610 |
1 |
|
|a ферриты
|
| 610 |
1 |
|
|a перовскиты
|
| 610 |
1 |
|
|a структура
|
| 610 |
1 |
|
|a связывание
|
| 610 |
1 |
|
|a химические процессы
|
| 610 |
1 |
|
|a синтез
|
| 610 |
1 |
|
|a нестехиометрические соединения
|
| 610 |
1 |
|
|a переходные элементы
|
| 610 |
1 |
|
|a переходные металлы
|
| 610 |
1 |
|
|a двойной эффект
|
| 610 |
1 |
|
|a актиниды
|
| 610 |
1 |
|
|a параметры
|
| 610 |
1 |
|
|a решетки
|
| 610 |
1 |
|
|a химические вещества
|
| 610 |
1 |
|
|a анализ
|
| 610 |
1 |
|
|a неорганические вещества
|
| 610 |
1 |
|
|a английский язык
|
| 675 |
|
|
|a 535.37
|v 3
|
| 701 |
|
1 |
|a Fidelis
|b I. K.
|
| 701 |
|
1 |
|a Golovina
|b A. P.
|
| 701 |
|
1 |
|a Grenier
|b J. C.
|
| 701 |
|
1 |
|a Hagenmuller
|b P.
|
| 801 |
|
1 |
|a RU
|b 63413507
|c 20150507
|
| 801 |
|
2 |
|a RU
|b 63413507
|c 20190109
|g RCR
|
| 942 |
|
|
|c BK
|